[Event "15th European Team Championshi"]
[Site "?"]
[Date "2005.08.07"]
[Round "9.1"]
[White "Zielinska, Marta"]
[Black "Galojan, Lilit"]
[Result "1/2-1/2"]
[WhiteElo "2410"]
[BlackElo "2223"]
[PlyCount "193"]
[EventDate "2005.07.30"]

1. e4 c5 2. b3 d6 3. Bb2 Nf6 4. Bb5+ Bd7 5. Bxd7+ Qxd7 6. d3 Nc6 7. Nd2 Qg4 8.
Qxg4 Nxg4 9. h3 Nf6 10. Ne2 Nb4 11. Kd1 h5 12. f4 e6 13. Nf3 Be7 14. g3 d5 15.
exd5 Nbxd5 16. Kd2 Rd8 17. a3 Bd6 18. c4 Ne7 19. Nh4 Nc6 20. Rae1 O-O 21. Nf3
Bc7 22. Kc2 Rfe8 23. Ne5 Ne7 24. b4 b6 25. bxc5 bxc5 26. Bc3 Nd7 27. Nc1 Bxe5
28. Bxe5 f6 29. Bc3 Nc8 30. Ba5 Ncb6 31. Nb3 Rc8 32. Rh2 Kf7 33. Rhe2 Rc6 34.
Bd2 Na4 35. Be3 Rb8 36. Rb1 Rcb6 37. Ree1 Ke7 38. d4 cxd4 39. Bxd4 Ra6 40. Nd2
Rc8 41. Rb5 Nac5 42. Nb3 Nxb3 43. Kxb3 Rc7 44. Rxh5 Rac6 45. Rc1 Nb6 46. Bxb6
Rxb6+ 47. Ka2 a6 48. Ra5 Rcb7 49. Rc2 Rb3 50. Rg2 Rc3 51. Rxa6 e5 52. fxe5 fxe5
53. Ra5 Re3 54. Rc2 e4 55. c5 Rxg3 56. Ra4 Re3 57. c6 Rc7 58. h4 Ke6 59. Rb4
Kd5 60. Rb5+ Kd6 61. Rg5 Rf3 62. Rg6+ Kd5 63. Rd2+ Kc5 64. Rc2+ Kd5 65. Kb2 e3
66. Rg5+ Kd6 67. h5 Rf2 68. Rxf2 exf2 69. Rf5 Rxc6 70. Rxf2 Rc5 71. Rh2 Rg5 72.
Kc3 Kc5 73. Rh3 Rg4 74. Kd2 Kd5 75. Ke2 Re4+ 76. Kf2 Ra4 77. Rg3 Ra7 78. Re3
Ra4 79. Kg3 Kd6 80. Kh3 Kd7 81. Kg2 Kd6 82. Rg3 Ke6 83. Rf3 Rh4 84. Rh3 Ra4 85.
Rg3 Rh4 86. Rg5 Ra4 87. Rg3 Rh4 88. Rxg7 Rxh5 89. Ra7 Kd6 90. Kf3 Re5 91. Kf4
Re1 92. Ra4 Kc5 93. Ra8 Kb6 94. a4 Kb7 95. Ra5 Kb6 96. Rb5+ Ka6 97. Rb4 1/2-1/2

[Event "15th European Team Championshi"]
[Site "?"]
[Date "2005.08.07"]
[Round "9.1"]
[White "Socko, Monika"]
[Black "Mkrtchian, Lilit"]
[Result "1/2-1/2"]
[WhiteElo "2465"]
[BlackElo "2447"]
[PlyCount "110"]
[EventDate "2005.07.30"]

1. g3 c5 2. Bg2 Nc6 3. Nf3 g6 4. O-O Bg7 5. d3 Nf6 6. e4 d6 7. Re1 O-O 8. c3
Bg4 9. h3 Bxf3 10. Bxf3 Nd7 11. Bg2 Qc7 12. Na3 Rab8 13. Nc4 b5 14. Ne3 b4 15.
Bd2 Qa5 16. Nc4 Qa6 17. f4 Nb6 18. Nxb6 Rxb6 19. Qc2 bxc3 20. bxc3 Rfb8 21.
Rab1 Qb7 22. Rxb6 Qxb6 23. Bc1 Qa6 24. Kh2 Rb6 25. Re2 h5 26. Bd2 Qb5 27. Be1
e6 28. h4 Qb1 29. Bf2 Qb5 30. Bh3 Qa5 31. Be1 Qb5 32. Kg2 Qb1 33. Kh2 Qa1 34.
Bg2 Rb1 35. Bd2 Rb2 36. Qa4 Qxa2 37. Qxc6 Rxd2 38. Rxd2 Qxd2 39. Qxd6 Bxc3 40.
f5 gxf5 41. exf5 exf5 42. Qxc5 Qxd3 43. Qxa7 Be5 44. Qa8+ Kg7 45. Qf3 Qd6 46.
Bh3 Qd2+ 47. Bg2 Qe1 48. Bh3 Qd2+ 49. Bg2 f4 50. Qxh5 fxg3+ 51. Kh3 Qb2 52.
Qg5+ Kf8 53. Qd8+ Kg7 54. Qg5+ Kf8 55. Qd8+ Kg7 1/2-1/2

[Event "15th European Team Championshi"]
[Site "?"]
[Date "2005.08.07"]
[Round "9.1"]
[White "Danielian, Elina"]
[Black "Radziewicz, Iweta"]
[Result "1/2-1/2"]
[WhiteElo "2433"]
[BlackElo "2447"]
[PlyCount "48"]
[EventDate "2005.07.30"]

1. Nf3 c5 2. e3 d6 3. d4 Nd7 4. c4 g6 5. Nc3 Bg7 6. Be2 Ngf6 7. O-O O-O 8. Qc2
a6 9. Rd1 Qc7 10. Bd2 cxd4 11. exd4 d5 12. c5 b6 13. cxb6 Nxb6 14. Rac1 Bf5 15.
Qb3 Qa7 16. Ne5 Rfc8 17. Bf4 Be6 18. Na4 Nxa4 19. Qxa4 Ne4 20. Rxc8+ Rxc8 21.
Qxa6 Qxa6 22. Bxa6 Ra8 23. Bf1 Rxa2 24. Rb1 Bf5 1/2-1/2

[Event "15th European Team Championshi"]
[Site "?"]
[Date "2005.08.07"]
[Round "9.1"]
[White "Aginian, Nelly"]
[Black "Zawadzka, Jolanta"]
[Result "1/2-1/2"]
[WhiteElo "2324"]
[BlackElo "2402"]
[PlyCount "107"]
[EventDate "2005.07.30"]

1. e4 c5 2. Nf3 d6 3. d4 cxd4 4. Nxd4 Nf6 5. Nc3 Nc6 6. f3 e5 7. Nb3 Be7 8. Be3
O-O 9. Qd2 a5 10. Na4 Nd7 11. Qf2 Qc7 12. c4 Bd8 13. Rc1 b6 14. Bd3 Nc5 15.
Nbxc5 dxc5 16. O-O Be6 17. Rfd1 Be7 18. Nc3 Nb4 19. Bf1 Rad8 20. a3 Nc6 21. Nd5
Qb7 22. Qg3 Kh8 23. f4 exf4 24. Bxf4 Rd7 25. Bd3 Rfd8 26. Rf1 f6 27. Rce1 Bd6
28. e5 Bxe5 29. Bxe5 Nxe5 30. Be4 Bxd5 31. cxd5 Nf7 32. h4 Qc7 33. Qg4 Nd6 34.
Bc2 Rf7 35. Re6 Rdf8 36. Qh5 f5 37. Rfe1 Kg8 38. Qg5 c4 39. R1e5 Qd8 40. Qf4 h6
41. Re3 Ne4 42. R3xe4 fxe4 43. Qxe4 Rf1+ 44. Kh2 R1f5 45. d6 b5 46. a4 bxa4 47.
Qxc4 Rf4 48. Re4+ R4f7 49. Rd4 Qf6 50. Qd3 Qe5+ 51. Kh3 Qe6+ 52. Kh2 Qe5+ 53.
Kh3 Qe6+ 54. Kh2 1/2-1/2

[Event "15th European Team Championshi"]
[Site "?"]
[Date "2005.08.07"]
[Round "9.2"]
[White "Makropoulou, Marina"]
[Black "Dzagnidze, Nana"]
[Result "1/2-1/2"]
[WhiteElo "2287"]
[BlackElo "2438"]
[PlyCount "46"]
[EventDate "2005.07.30"]

1. e4 c5 2. Nf3 a6 3. c3 d5 4. exd5 Qxd5 5. d4 e6 6. Be2 Nf6 7. O-O Nc6 8. Re1
Be7 9. Bf4 O-O 10. Ne5 cxd4 11. Bf3 Qc5 12. Nxc6 bxc6 13. cxd4 Qb6 14. Nc3 Qxb2
15. Bxc6 Ra7 16. Na4 Qb4 17. Rb1 Qa5 18. Bb8 Bb7 19. Re5 Qd8 20. Bxa7 Bxc6 21.
Bc5 Nd5 22. Bxe7 Qxe7 23. Rc1 Ba8 1/2-1/2

[Event "15th European Team Championshi"]
[Site "?"]
[Date "2005.08.07"]
[Round "9.2"]
[White "Lomineishvili, Maia"]
[Black "Botsari, Anna-Maria"]
[Result "1/2-1/2"]
[WhiteElo "2420"]
[BlackElo "2297"]
[PlyCount "44"]
[EventDate "2005.07.30"]

1. d4 d5 2. c4 dxc4 3. Nf3 Nf6 4. e3 e6 5. Bxc4 c5 6. O-O a6 7. a4 b6 8. Qe2
Bb7 9. Rd1 Qc7 10. Nc3 Nbd7 11. d5 exd5 12. Nxd5 Nxd5 13. Bxd5 Bxd5 14. Rxd5
Be7 15. b3 Bf6 16. Bb2 Bxb2 17. Qxb2 O-O 18. Rg5 f6 19. Rd5 Rad8 20. Rad1 Nb8
21. Qd2 Nc6 22. h3 Qe7 1/2-1/2

[Event "15th European Team Championshi"]
[Site "?"]
[Date "2005.08.07"]
[Round "9.2"]
[White "Dembo, Yelena"]
[Black "Khurtsidze, Nino"]
[Result "1/2-1/2"]
[WhiteElo "2428"]
[BlackElo "2449"]
[PlyCount "36"]
[EventDate "2005.07.30"]

1. e4 c5 2. Nf3 Nc6 3. Bb5 Qc7 4. O-O e6 5. c3 Nge7 6. Re1 a6 7. Bf1 d5 8. e5
d4 9. Qc2 dxc3 10. dxc3 Ng6 11. Qe2 Be7 12. g3 b6 13. h4 Bb7 14. Bg2 h5 15.
Nbd2 Rd8 16. a4 Na5 17. b3 Qd7 18. Rb1 Qd5 1/2-1/2

[Event "15th European Team Championshi"]
[Site "?"]
[Date "2005.08.07"]
[Round "9.2"]
[White "Arakhamia-Grant, Ketevan"]
[Black "Fakhiridou, Ekaterini"]
[Result "1/2-1/2"]
[WhiteElo "2423"]
[BlackElo "2272"]
[PlyCount "39"]
[EventDate "2005.07.30"]

1. e4 e5 2. Nf3 Nc6 3. Bb5 a6 4. Ba4 Nf6 5. d3 b5 6. Bb3 Be7 7. a4 Rb8 8. Nc3
O-O 9. axb5 axb5 10. O-O d6 11. h3 Be6 12. Nd5 Bxd5 13. exd5 Nb4 14. c4 Qc8 15.
Ra3 Nd7 16. Qd2 bxc4 17. dxc4 Nc5 18. Ba4 e4 19. Nd4 Bf6 20. Nb5 1/2-1/2

[Event "15th European Team Championshi"]
[Site "?"]
[Date "2005.08.07"]
[Round "9.3"]
[White "Kosintseva, Tatiana"]
[Black "Velcheva, Maria"]
[Result "1/2-1/2"]
[WhiteElo "2477"]
[BlackElo "2274"]
[PlyCount "54"]
[EventDate "2005.07.30"]

1. e4 c5 2. Nf3 e6 3. c3 Nf6 4. e5 Nd5 5. d4 cxd4 6. cxd4 d6 7. Bc4 Nb6 8. Bb3
dxe5 9. Nxe5 Nc6 10. Nf3 Be7 11. O-O O-O 12. Nc3 Bf6 13. Be3 Na5 14. Bc2 Nac4
15. Ne4 Be7 16. Bc1 f5 17. Nc3 Nd5 18. Bb3 Ncb6 19. Ne5 a5 20. a3 Bf6 21. Re1
Qd6 22. Qf3 Rd8 23. Nd3 Qc6 24. Ne5 Qd6 25. Nb5 Qe7 26. Qe2 Nc7 27. Nxc7 Qxc7
1/2-1/2

[Event "15th European Team Championshi"]
[Site "?"]
[Date "2005.08.07"]
[Round "9.3"]
[White "Kosintseva, Nadezhda"]
[Black "Voiska, Margarita"]
[Result "1/2-1/2"]
[WhiteElo "2490"]
[BlackElo "2328"]
[PlyCount "58"]
[EventDate "2005.07.30"]

1. e4 c5 2. Nf3 Nc6 3. Bb5 Nf6 4. Nc3 Qc7 5. O-O Nd4 6. Nxd4 cxd4 7. Nd5 Nxd5
8. exd5 a6 9. Ba4 g6 10. d3 Bg7 11. Bg5 e6 12. Qf3 O-O 13. Bf6 d6 14. Bxg7 Kxg7
15. dxe6 fxe6 16. Qg3 e5 17. f4 Be6 18. Rae1 b5 19. Bb3 Bxb3 20. cxb3 Rae8 21.
fxe5 Rxf1+ 22. Rxf1 dxe5 23. Qf3 Qe7 24. Qe4 h5 25. h3 Kh6 26. b4 Qe6 27. a3
Rc8 28. Rf2 Rc1+ 29. Kh2 Rc8 1/2-1/2

[Event "15th European Team Championshi"]
[Site "?"]
[Date "2005.08.07"]
[Round "9.3"]
[White "Djingarova, Emilia"]
[Black "Kovalevskaya, Ekaterina"]
[Result "1/2-1/2"]
[WhiteElo "2277"]
[BlackElo "2471"]
[PlyCount "62"]
[EventDate "2005.07.30"]

1. e4 c5 2. Nf3 Nc6 3. Bb5 d6 4. Bxc6+ bxc6 5. O-O e5 6. c3 Nf6 7. Re1 Bg4 8.
d3 Be7 9. Nbd2 O-O 10. h3 Bh5 11. Nf1 Re8 12. Ng3 Bg6 13. d4 cxd4 14. cxd4 exd4
15. Nxd4 Qb6 16. Ndf5 Bf8 17. Qc2 d5 18. Be3 c5 19. exd5 Nxd5 20. Bd2 Qf6 21.
Bc3 Nxc3 22. Qxc3 Qc6 23. Rad1 Rxe1+ 24. Rxe1 Re8 25. Rxe8 Qxe8 26. b3 Bxf5 27.
Nxf5 Qe4 28. g4 Qb1+ 29. Kg2 Qxa2 30. Qe3 Qa6 31. Qe8 Qf6 1/2-1/2

[Event "15th European Team Championshi"]
[Site "?"]
[Date "2005.08.07"]
[Round "9.4"]
[White "Prudnikova, Svetlana"]
[Black "Olarasu, Gabriela"]
[Result "1/2-1/2"]
[WhiteElo "2370"]
[BlackElo "2306"]
[PlyCount "33"]
[EventDate "2005.07.30"]

1. e4 e5 2. Nf3 Nc6 3. d4 exd4 4. Nxd4 Nf6 5. Nxc6 bxc6 6. e5 Qe7 7. Qe2 Nd5 8.
c4 Nb6 9. Nd2 Qe6 10. Qe4 d5 11. exd6 cxd6 12. Bd3 Qxe4+ 13. Bxe4 d5 14. cxd5
cxd5 15. Bd3 Be7 16. O-O O-O 17. b3 1/2-1/2

[Event "15th European Team Championshi"]
[Site "?"]
[Date "2005.08.07"]
[Round "9.4"]
[White "Maric, Alisa"]
[Black "Peptan, Corina-Isabela"]
[Result "1/2-1/2"]
[WhiteElo "2415"]
[BlackElo "2411"]
[PlyCount "31"]
[EventDate "2005.07.30"]

1. d4 Nf6 2. Nf3 e6 3. c4 b6 4. g3 Ba6 5. b3 Bb7 6. Bg2 Bb4+ 7. Bd2 Be7 8. Nc3
O-O 9. O-O c5 10. d5 exd5 11. Ne1 Ne4 12. Nxd5 Bxd5 13. cxd5 Nxd2 14. Qxd2 d6
15. Nd3 Nd7 16. Rac1 1/2-1/2

[Event "15th European Team Championshi"]
[Site "?"]
[Date "2005.08.07"]
[Round "9.4"]
[White "Foisor, Cristina Adela"]
[Black "Bojkovic, Natasa"]
[Result "1/2-1/2"]
[WhiteElo "2402"]
[BlackElo "2386"]
[PlyCount "31"]
[EventDate "2005.07.30"]

1. g3 Nf6 2. Bg2 d5 3. Nf3 e6 4. O-O Be7 5. d4 O-O 6. c4 dxc4 7. Qc2 a6 8. a4
Bd7 9. Rd1 Bc6 10. Nc3 Bxf3 11. Bxf3 Nc6 12. Bxc6 bxc6 13. a5 Nd5 14. Ne4 Nb4
15. Qxc4 Qd5 16. Qxd5 1/2-1/2

[Event "15th European Team Championshi"]
[Site "?"]
[Date "2005.08.07"]
[Round "9.4"]
[White "Calotescu, Ana-Cristina"]
[Black "Chelushkina, Irina"]
[Result "1/2-1/2"]
[WhiteElo "2273"]
[BlackElo "2330"]
[PlyCount "176"]
[EventDate "2005.07.30"]

1. Nf3 c5 2. c4 Nc6 3. Nc3 g6 4. g3 Bg7 5. Bg2 d6 6. O-O e5 7. a3 a5 8. d3 Nge7
9. Ne1 Be6 10. Nc2 O-O 11. Ne3 h6 12. Rb1 Rb8 13. Bd2 g5 14. Ned5 Bg4 15. b4
axb4 16. axb4 Nxd5 17. Nxd5 Nd4 18. f3 Be6 19. e3 Nc6 20. bxc5 dxc5 21. e4 Nd4
22. Be3 Re8 23. Rf2 Bd7 24. Rfb2 Bc6 25. Bxd4 exd4 26. Nb6 f5 27. Nd5 Qd7 28.
Rb6 Qf7 29. f4 fxe4 30. Bxe4 gxf4 31. Qf3 Rbd8 32. gxf4 Rd6 33. Kh1 Kh8 34. Rg1
Rg8 35. Rg3 Bf8 36. Rxg8+ Kxg8 37. f5 Kh8 38. f6 Qe6 39. f7 Rd7 40. Qf6+ Qxf6
41. Nxf6 Rxf7 42. Nd5 Bd6 43. Kg2 Kg7 44. Rb2 h5 45. Kg1 Kf8 46. Rg2 b5 47.
cxb5 Bxb5 48. Rg6 Rg7 49. Rxg7 Kxg7 50. Nb6 Kf6 51. Nc4 Bc7 52. Bf3 Kg5 53. Kg2
h4 54. h3 Kf4 55. Kf2 Bd7 56. Bg2 Bf5 57. Bf1 Bg6 58. Kg2 Bf7 59. Kf2 Bg6 60.
Nd2 Kf5 61. Bg2 Bg3+ 62. Ke2 Ke5 63. Nc4+ Kf4 64. Nd2 Bh5+ 65. Bf3 Bg6 66. Bg4
Bf7 67. Nc4 Kg5 68. Nd2 Kf4 69. Nc4 Bd5 70. Nd2 Ke5 71. Nc4+ Kf6 72. Nd2 Ke7
73. Nc4 Bf4 74. Nb6 Bb3 75. Nc4 Kf6 76. Kf3 Bc7 77. Ke4 Bc2 78. Na3 Ba4 79. Kd5
Bd8 80. Nc4 Be7 81. Ne5 Bb3+ 82. Ke4 Bg8 83. Be2 Be6 84. Bg4 Bg8 85. Be2 Bh7+
86. Kd5 Bf5 87. Bg4 Bxg4 88. Nxg4+ Kf5 {Unreadable!} 1/2-1/2

[Event "15th European Team Championshi"]
[Site "?"]
[Date "2005.08.07"]
[Round "9.5"]
[White "Vasilevich, Tatjana"]
[Black "Mietzner, Tina"]
[Result "1-0"]
[WhiteElo "2393"]
[BlackElo "2286"]
[PlyCount "75"]
[EventDate "2005.07.30"]

1. d4 d5 2. c4 e6 3. Nf3 c6 4. Nbd2 c5 5. cxd5 exd5 6. dxc5 Bxc5 7. Nb3 Bd6 8.
g3 Nf6 9. Bg2 O-O 10. O-O Bf5 11. Nbd4 Be4 12. b3 a5 13. a3 Nbd7 14. Bb2 a4 15.
Nb5 Nb6 16. b4 Nc4 17. Bd4 Be7 18. Nc3 Qb8 19. Nxa4 b5 20. Nc5 Nxa3 21. Nh4
Bxg2 22. Kxg2 Re8 23. Nf5 Bxc5 24. bxc5 Nh5 25. Qc1 b4 26. Qg5 g6 27. Ne7+ Kf8
28. Nxd5 Rxe2 29. Rae1 Rxe1 30. Rxe1 Qb7 31. Kg1 f6 32. Nxf6 Nxf6 33. Qxf6+ Qf7
34. Qd6+ Kg8 35. Re7 Nb5 36. Rxf7 Nxd6 37. Rg7+ Kf8 38. cxd6 1-0

[Event "15th European Team Championshi"]
[Site "?"]
[Date "2005.08.07"]
[Round "9.5"]
[White "Paehtz, Elisabeth"]
[Black "Zhukova, Natalia"]
[Result "0-1"]
[WhiteElo "2421"]
[BlackElo "2478"]
[PlyCount "56"]
[EventDate "2005.07.30"]

1. e4 e6 2. b3 d5 3. Bb2 Nf6 4. e5 Nfd7 5. Qg4 c5 6. f4 Nc6 7. Nf3 g6 8. Qh3
Bg7 9. d4 Qe7 10. a3 cxd4 11. Nbd2 f6 12. exf6 Bxf6 13. O-O-O Nc5 14. Bb5 O-O
15. Bxc6 bxc6 16. Ne5 Bxe5 17. fxe5 d3 18. cxd3 Ba6 19. d4 Nd3+ 20. Kb1 Nf2 21.
Qg3 Rab8 22. Ka2 Nxd1 23. Rxd1 Qf7 24. Rc1 Qf2 25. Nf3 Qe2 26. Qh3 Rxb3 27.
Qxe6+ Kh8 28. Rb1 Bc4 0-1

[Event "15th European Team Championshi"]
[Site "?"]
[Date "2005.08.07"]
[Round "9.5"]
[White "Lahno, Kateryna"]
[Black "Kachiani-Gersinska, Ketino"]
[Result "1-0"]
[WhiteElo "2498"]
[BlackElo "2416"]
[PlyCount "87"]
[EventDate "2005.07.30"]

1. e4 c6 2. d4 d5 3. e5 Bf5 4. Nf3 e6 5. Be2 Nd7 6. O-O Bg6 7. c3 Nh6 8. Nbd2
Be7 9. Ne1 f6 10. exf6 gxf6 11. Ndf3 Nf7 12. Nd3 e5 13. Nh4 Qc7 14. f4 e4 15.
f5 exd3 16. Bxd3 O-O-O 17. fxg6 hxg6 18. Bf4 Bd6 19. Nxg6 Bxf4 20. Rxf4 Rhe8
21. Qg4 Qb6 22. Rf2 Nd6 23. Raf1 Kb8 24. b4 Ne4 25. Re2 Ne5 26. Nxe5 fxe5 27.
Bxe4 exd4 28. Bd3 dxc3+ 29. Kh1 Rf8 30. Rfe1 a5 31. bxa5 Qxa5 32. Re7 Rg8 33.
Qe2 Ka8 34. Rb1 Rb8 35. Qe6 c2 36. Bxc2 Qd2 37. Qe2 Qxe2 38. Rxe2 Rg7 39. Bf5
Rd8 40. g4 c5 41. Rd1 d4 42. h4 Rc7 43. Red2 Re8 44. h5 1-0

[Event "15th European Team Championshi"]
[Site "?"]
[Date "2005.08.07"]
[Round "9.6"]
[White "Muhren, Bianca"]
[Black "Daulyte, Deimante"]
[Result "0-1"]
[WhiteElo "2269"]
[BlackElo "2195"]
[PlyCount "130"]
[EventDate "2005.07.30"]

1. e4 c5 2. Nf3 d6 3. d4 cxd4 4. Nxd4 Nf6 5. Nc3 g6 6. Be3 Bg7 7. f3 O-O 8. Qd2
Nc6 9. O-O-O d5 10. exd5 Nxd5 11. Nxc6 bxc6 12. Bd4 e5 13. Bc5 Be6 14. Ne4 Qc8
15. h4 Rd8 16. Bc4 Qb7 17. h5 Rdb8 18. Bb3 a5 19. Nd6 Qd7 20. hxg6 fxg6 21. Rh4
e4 22. c3 a4 23. Bxd5 cxd5 24. fxe4 Qc7 25. exd5 Qxc5 26. dxe6 a3 27. b3 Rxb3
28. axb3 a2 29. Kb2 a1=Q+ 30. Rxa1 Rxa1 31. Nc4 Qa7 32. Qd8+ Bf8 33. Na5 Rxa5
34. Ra4 Qf2+ 35. Kc1 Qe1+ 36. Kc2 Rxa4 37. bxa4 Qxe6 38. a5 Qa2+ 39. Kd3 Qxg2
40. Kc4 Qe2+ 41. Kb3 Qb5+ 42. Kc2 h5 43. Qa8 Kg7 44. Qa7+ Kh6 45. a6 Bc5 46.
Qa8 Qe2+ 47. Kb3 Qe3 48. Kc4 Ba7 49. Qh8+ Kg5 50. Qd8+ Kg4 51. Qd7+ Kh4 52. Qc6
g5 53. Qh1+ Kg3 54. Qxh5 g4 55. Qg6 Kf3 56. Kb5 g3 57. Qh5+ Kg2 58. Qd5+ Kg1
59. c4 Qb6+ 60. Ka4 Qxa6+ 61. Kb3 Qb6+ 62. Kc2 Qf2+ 63. Kb3 g2 64. Ka4 Qc2+ 65.
Kb4 Kf1 0-1

[Event "15th European Team Championshi"]
[Site "?"]
[Date "2005.08.07"]
[Round "9.6"]
[White "Limontaite, Simona"]
[Black "Schuurman, Petra"]
[Result "0-1"]
[WhiteElo "2095"]
[BlackElo "2266"]
[PlyCount "116"]
[EventDate "2005.07.30"]

1. d4 Nf6 2. c4 c5 3. Nf3 cxd4 4. Nxd4 Nc6 5. Nc3 g6 6. e4 Bg7 7. Be3 Ng4 8.
Qxg4 Nxd4 9. Qd1 Ne6 10. Qd2 Qa5 11. Rc1 d6 12. Be2 Bd7 13. O-O Bc6 14. f3 g5
15. a3 Qe5 16. Rfd1 a5 17. b4 axb4 18. axb4 Ra3 19. Nb1 Rxe3 20. Qxe3 Qb2 21.
Qd2 Ba4 22. Nc3 Qxb4 23. Nxa4 Qxa4 24. Rb1 Qc6 25. Kh1 O-O 26. Qe3 Qc5 27. Qc1
Qf2 28. Bd3 Be5 29. Qd2 Qh4 30. g3 Bxg3 31. Rxb7 Nc5 32. Rb2 Be5 33. Rc2 Bf4
34. Qg2 h5 35. Qf2 Qxf2 36. Rxf2 Ra8 37. Bf1 Kg7 38. Rb1 Kf6 39. Rbb2 Ra1 40.
Kg2 Rc1 41. Rfc2 Rd1 42. Be2 Re1 43. Ra2 Ne6 44. Kf2 Rh1 45. Bf1 Rxh2+ 46. Kg1
Rh4 47. Ra3 Be5 48. Bg2 Bd4+ 49. Kf1 Bc5 50. Raa2 Nf4 51. Ke1 Nd3+ 52. Kf1 Nb4
53. Rcb2 Nxa2 54. Rxa2 Rh2 55. Ke1 h4 56. Re2 h3 57. Bf1 Bb4+ 58. Kd1 Rh1 0-1

[Event "15th European Team Championshi"]
[Site "?"]
[Date "2005.08.07"]
[Round "9.6"]
[White "Ciuksyte, Dagne"]
[Black "Peng, Zhaoqin"]
[Result "1/2-1/2"]
[WhiteElo "2341"]
[BlackElo "2405"]
[PlyCount "129"]
[EventDate "2005.07.30"]

1. e4 e6 2. d4 d5 3. Nd2 c5 4. Ngf3 Nf6 5. exd5 Qxd5 6. Bc4 Qd6 7. O-O cxd4 8.
Nb3 Nc6 9. Nbxd4 Nxd4 10. Nxd4 Bd7 11. c3 a6 12. Re1 O-O-O 13. Qe2 Qc7 14. Nf3
Bd6 15. Bb3 Bb5 16. c4 Bc6 17. h3 h6 18. Be3 Bxf3 19. Qxf3 Bc5 20. Rad1 Rxd1
21. Rxd1 Bxe3 22. Qxe3 Rd8 23. Rd4 Rxd4 24. Qxd4 e5 25. Qe3 Nd7 26. c5 Qxc5 27.
Qxc5+ Nxc5 28. Bxf7 Nd3 29. b3 Nb4 30. a4 Kd7 31. f3 Ke7 32. Bc4 Kd6 33. Kf2
Nc2 34. Ke2 a5 35. Kd2 Nd4 36. Kd3 Nf5 37. Ke4 Ng3+ 38. Ke3 g5 39. Kd3 b6 40.
Ke3 Kc5 41. Be6 Kd6 42. Bc8 Kd5 43. Kf2 Nh5 44. Ke3 Nf4 45. g3 Nh5 46. Bg4 Nf6
47. Bc8 Kc5 48. Be6 Kd6 49. Bf7 Ke7 50. Bc4 Kd7 51. Bf7 Kd6 52. f4 exf4+ 53.
gxf4 Kc5 54. fxg5 hxg5 55. Kd3 Kb4 56. Kd4 g4 57. hxg4 Nxg4 58. Kd5 Kxb3 59.
Kc6+ Kxa4 60. Kxb6 Kb4 61. Be8 Ne5 62. Bb5 Nf7 63. Bc6 Nd6 64. Ka6 Nc4 65. Bb5
1/2-1/2

[Event "15th European Team Championshi"]
[Site "?"]
[Date "2005.08.07"]
[Round "9.6"]
[White "Bosboom-Lanchava, Tea"]
[Black "Zaksaite, Salomeja"]
[Result "1-0"]
[WhiteElo "2363"]
[BlackElo "2237"]
[PlyCount "55"]
[EventDate "2005.07.30"]

1. d4 Nf6 2. Nf3 g6 3. Bf4 d5 4. Nc3 Bg7 5. Qd2 Ne4 6. Nxe4 dxe4 7. Ne5 c5 8.
e3 O-O 9. c3 cxd4 10. cxd4 b6 11. Bc4 Bb7 12. O-O Nd7 13. Ng4 Rc8 14. Qe2 Kh8
15. Rfd1 f6 16. h4 f5 17. Ne5 Nxe5 18. dxe5 Qe8 19. e6 Rc5 20. Rd7 Qc8 21. Rxe7
Rxc4 22. Rxb7 Rc2 23. Qa6 Rxb2 24. Qxa7 Qc2 25. Bg3 Qc3 26. Rxg7 Rc2 27. Rxh7+
Kg8 28. Rd1 1-0

[Event "15th European Team Championshi"]
[Site "?"]
[Date "2005.08.07"]
[Round "9.7"]
[White "Pertlova, Sona"]
[Black "Lakos, Nikoletta"]
[Result "0-1"]
[WhiteElo "2086"]
[BlackElo "2313"]
[PlyCount "82"]
[EventDate "2005.07.30"]

1. e4 c5 2. Nf3 e6 3. d4 cxd4 4. Nxd4 a6 5. Nc3 Qc7 6. Be3 Bb4 7. Nde2 Nc6 8.
a3 Be7 9. f4 d6 10. g3 Nf6 11. h3 b5 12. Bg2 Bb7 13. O-O Na5 14. b3 O-O 15. Qe1
Nd7 16. Rd1 Rac8 17. Rd3 Nc6 18. Nd1 Rfd8 19. Kh1 Qb8 20. Bg1 Qa8 21. Nec3 Nc5
22. Rd2 b4 23. Nd5 exd5 24. exd5 Bf6 25. dxc6 Bxc6 26. axb4 Re8 27. Qf2 Bxg2+
28. Qxg2 Ne4 29. Rd3 Rxc2 30. Nf2 Rb2 31. g4 Bh4 32. Rf3 Ng3+ 33. Rxg3 Bxg3 34.
Qxa8 Rxa8 35. Ne4 Rxb3 36. Rd1 Bxf4 37. Nxd6 Rxh3+ 38. Kg2 Rg3+ 39. Kf1 Bxd6
40. Rxd6 Rxg4 41. Bc5 Rg6 0-1

[Event "15th European Team Championshi"]
[Site "?"]
[Date "2005.08.07"]
[Round "9.7"]
[White "Madl, Ildiko"]
[Black "Jackova, Jana"]
[Result "1/2-1/2"]
[WhiteElo "2382"]
[BlackElo "2386"]
[PlyCount "34"]
[EventDate "2005.07.30"]

1. e4 e5 2. Nf3 Nc6 3. Bb5 a6 4. Ba4 Nf6 5. O-O Be7 6. Re1 b5 7. Bb3 O-O 8. a4
Bb7 9. d3 Re8 10. c3 h6 11. Nbd2 Bf8 12. Ba2 d5 13. exd5 Nxd5 14. d4 Qd7 15.
dxe5 Nf4 16. e6 Nxe6 17. Nf1 Qxd1 1/2-1/2

[Event "15th European Team Championshi"]
[Site "?"]
[Date "2005.08.07"]
[Round "9.7"]
[White "Gara, Anita"]
[Black "Kulovana, Eva"]
[Result "1-0"]
[WhiteElo "2372"]
[BlackElo "2137"]
[PlyCount "69"]
[EventDate "2005.07.30"]

1. e4 e5 2. Nf3 Nc6 3. Bb5 f5 4. Nc3 fxe4 5. Nxe4 Nf6 6. Qe2 d5 7. Nxf6+ gxf6
8. d4 Bg7 9. dxe5 O-O 10. e6 Re8 11. O-O Rxe6 12. Be3 f5 13. Qd2 Ne5 14. Ng5
Rg6 15. f4 Ng4 16. Bd4 Nf6 17. Qe3 c6 18. Be2 Bd7 19. c4 Ne4 20. Nxe4 dxe4 21.
Rad1 Qe7 22. Bc5 Qd8 23. Qd2 b6 24. Be3 Qf8 25. Qxd7 Bxb2 26. Qb7 c5 27. Rd7
Rb8 28. Qd5+ Kh8 29. Rd1 a6 30. g3 Rg8 31. Rf7 Qh6 32. Qxf5 Qh4 33. Rdd7 Rxg3+
34. hxg3 Qxg3+ 35. Kf1 1-0

[Event "15th European Team Championshi"]
[Site "?"]
[Date "2005.08.07"]
[Round "9.8"]
[White "Srebrnic, Ana"]
[Black "Lalic, Susan"]
[Result "1-0"]
[WhiteElo "2289"]
[BlackElo "2362"]
[PlyCount "87"]
[EventDate "2005.07.30"]

1. Nf3 e6 2. c4 d5 3. d4 c5 4. cxd5 exd5 5. g3 Nc6 6. Bg2 Nf6 7. O-O Be7 8. Nc3
O-O 9. Bg5 cxd4 10. Nxd4 h6 11. Be3 Re8 12. Qc2 Bg4 13. h3 Bd7 14. Rfd1 Qc8 15.
Kh2 Bd6 16. Qd2 Ne5 17. b3 Ng6 18. Rac1 Qd8 19. Nxd5 Nxd5 20. Bxd5 Re5 21. Nf3
Rh5 22. Bxf7+ Kxf7 23. Qxd6 Bxh3 24. Rc7+ Bd7+ 25. Kg1 Nf8 26. Bc5 Kg8 27.
Qxf8+ Qxf8 28. Bxf8 Bc6 29. Bxg7 Re8 30. Bc3 Rc5 31. Bd4 Rd5 32. e3 Re4 33.
Rxc6 bxc6 34. Rc1 Re6 35. Rc5 Rxc5 36. Bxc5 a6 37. Nd4 Rg6 38. Kg2 Kf7 39. e4
Ke8 40. f4 Kd7 41. e5 h5 42. e6+ Ke8 43. f5 Rg5 44. b4 1-0

[Event "15th European Team Championshi"]
[Site "?"]
[Date "2005.08.07"]
[Round "9.8"]
[White "Rozic, Vesna"]
[Black "Gilbert, Jessie"]
[Result "1/2-1/2"]
[WhiteElo "2192"]
[BlackElo "2151"]
[PlyCount "88"]
[EventDate "2005.07.30"]

1. d4 Nf6 2. Nf3 e6 3. c3 c5 4. e3 b6 5. Nbd2 Bb7 6. Bd3 d6 7. O-O Be7 8. b3
O-O 9. Bb2 Nbd7 10. c4 d5 11. Rc1 Ne4 12. Bb1 cxd4 13. Nxd4 Nxd2 14. Qxd2 dxc4
15. Rxc4 Nc5 16. Rd1 Qd5 17. Nf3 Qxd2 18. Rxd2 Rfd8 19. Rcd4 Rxd4 20. Rxd4 Bf6
21. Rd2 Bxb2 22. Rxb2 Rd8 23. Rd2 Rxd2 24. Nxd2 Kf8 25. Bc2 h6 26. b4 Na6 27.
a3 Ke7 28. Kf1 Nc7 29. Bd3 Nd5 30. g3 Nf6 31. h4 Ng4 32. Ke2 Ne5 33. Bb5 a6 34.
Bd3 f5 35. Nc4 Bf3+ 36. Kd2 Nxc4+ 37. Bxc4 b5 38. Bd3 g5 39. hxg5 hxg5 40. Kc3
Kd6 41. Kd4 Bc6 42. Bc2 e5+ 43. Kc3 Be4 44. Bb3 Bd5 1/2-1/2